<?xml version="1.0" encoding="UTF-8"?><?xml-stylesheet type="text/xsl" href="static/style.xsl"?><OAI-PMH xmlns="http://www.openarchives.org/OAI/2.0/" xmlns:xsi="http://www.w3.org/2001/XMLSchema-instance" xsi:schemaLocation="http://www.openarchives.org/OAI/2.0/ http://www.openarchives.org/OAI/2.0/OAI-PMH.xsd"><responseDate>2026-04-18T04:15:57Z</responseDate><request verb="GetRecord" identifier="oai:www.recercat.cat:2445/183544" metadataPrefix="marc">https://recercat.cat/oai/request</request><GetRecord><record><header><identifier>oai:recercat.cat:2445/183544</identifier><datestamp>2025-11-19T19:00:55Z</datestamp><setSpec>com_2072_1057</setSpec><setSpec>col_2072_478777</setSpec><setSpec>col_2072_478917</setSpec></header><metadata><record xmlns="http://www.loc.gov/MARC21/slim" xmlns:dcterms="http://purl.org/dc/terms/" xmlns:xsi="http://www.w3.org/2001/XMLSchema-instance" xmlns:doc="http://www.lyncode.com/xoai" xsi:schemaLocation="http://www.loc.gov/MARC21/slim http://www.loc.gov/standards/marcxml/schema/MARC21slim.xsd">
   <leader>00925njm 22002777a 4500</leader>
   <datafield ind2=" " ind1=" " tag="042">
      <subfield code="a">dc</subfield>
   </datafield>
   <datafield ind2=" " ind1=" " tag="720">
      <subfield code="a">Montes Castillo, Juan Francisco</subfield>
      <subfield code="e">author</subfield>
   </datafield>
   <datafield ind2=" " ind1=" " tag="720">
      <subfield code="a">Durfort i Coll, Mercè</subfield>
      <subfield code="e">author</subfield>
   </datafield>
   <datafield ind2=" " ind1=" " tag="720">
      <subfield code="a">Garcia Valero, Josep</subfield>
      <subfield code="e">author</subfield>
   </datafield>
   <datafield ind2=" " ind1=" " tag="260">
      <subfield code="c">2022-02-25T18:59:14Z</subfield>
   </datafield>
   <datafield ind2=" " ind1=" " tag="260">
      <subfield code="c">2022-02-25T18:59:14Z</subfield>
   </datafield>
   <datafield ind2=" " ind1=" " tag="260">
      <subfield code="c">1996-08-15</subfield>
   </datafield>
   <datafield ind2=" " ind1=" " tag="260">
      <subfield code="c">2022-02-25T18:59:14Z</subfield>
   </datafield>
   <datafield ind2=" " ind1=" " tag="520">
      <subfield code="a">Molluscs, like other invertebrates, have primitive defense systems. These are based on chemotaxis, recognition and facultative phagocytosis of foreign elements. Previously, we have described one of these systems: a cellular reaction involving infiltrated granulocytes against Perkinsus sp. parasitizing the Manila clam Tapes semidecussatus, in which the parasites are encapsulated by a defensive host product, the polypeptide p225. The aim of this study is to determine the similarities between the defense mechanisms of 2 venerid clams, T. semidecussatus and T. decussatus, when they are infected by Perkinsus sp. The hemocytes of both species infiltrate the connective tissue, redifferentiate, and ultimately, express and secrete the polypeptide which constitutes the main product of the capsule that surrounds the parasites. The main secretion product of T. decussatus shows a high degree of homology to that of T. semidecussatus, since it has a similar electrophoretic mobility and the polypeptide is recognized by the polyclonal serrum against p225 from T. semidecussatus, as confirmed by Western blotting and immunocytochemistry. In conclusion, we demonstrate the existence of 2 polypeptides that are closely related at the molecular and functional level, and are specific in the defense of some molluscs against infection by these protozoan parasites.</subfield>
   </datafield>
   <datafield tag="653" ind2=" " ind1=" ">
      <subfield code="a">Parasitisme</subfield>
   </datafield>
   <datafield tag="653" ind2=" " ind1=" ">
      <subfield code="a">Cloïsses</subfield>
   </datafield>
   <datafield tag="653" ind2=" " ind1=" ">
      <subfield code="a">Parasitism</subfield>
   </datafield>
   <datafield tag="653" ind2=" " ind1=" ">
      <subfield code="a">Clams</subfield>
   </datafield>
   <datafield ind2="0" ind1="0" tag="245">
      <subfield code="a">When the venerid clam Tapes decussatus is parasitized by the protozoan Perkinsus sp. it synthesizes a defensive polypeptide that is closely related to p225</subfield>
   </datafield>
</record></metadata></record></GetRecord></OAI-PMH>